Countries by Temple - Statistics

General Stats
  • This quiz has been taken 122 times
  • The average score is 12 of 15
Answer Stats
Picture Hint Answer % Correct
Mythological Greece
99%
Sikhism India
95%
Islam Saudi Arabia
95%
Orthodoxy Russia
94%
Taoism China
93%
Catholicism Italy
92%
Orthodoxy Turkey
92%
Hinduism Cambodia
90%
Mormonism United States
88%
Buddhism Bhutan
85%
Catholicism France
83%
Buddhism Nepal
70%
Lutheranism Norway
65%
Islam Mali
57%
Hinduism Fiji
29%
No matching quizzes found
Score Distribution
Percent of People with Each Score
Percentile by Number Answered
Your Score History
You have not taken this quiz